00292nam a2200133Ia 4500003000400000005001700004008004100021020001800062040000900080100001800089245002400107260001800131260000900149OSt20231211053052.0170524s9999 xx 000 0 und d a81-7391-256-4 ciimt aSarkar - A.K. 0aTourism development bKanishka Pub. c1998